000 00390 a2200169 4500
001 70618
020 _a0915741768
040 _cAnchieta - Itaigara
100 _aLafferty, Peter
240 1 0 _aComo as coisas são feitas
_lpor
245 1 0 _aComo as coisas são feitas
300 _a32
362 0 _a1994
440 1 _aDelta
650 4 _aSEM EFEITO- Enciclopédias gerais
942 _cBK
999 _c70618
_d70618